000 00651nam a2200217 i 4500
001 118091
003 ES-MaACL
005 20230906191028.0
007 t|
008 070214s1931 fr r ||||1| fre d
100 1 _aPerret, Jean-Louis.
_991342
245 1 3 _aLa Finlande /
_cpar Jean-Louis Perret ; préface de A. de Lapradelle.
250 _aNouvelle édition revue.
260 _aParis :
_bRieder,
_c1931.
300 _a148 p., 4 lám. :
_bil. ;
_c20 cm.
490 1 _aLes états contemporains
700 1 _aLapradelle, A. de.
_970182
830 0 _aLes états contemporains
_9218470
852 _aES-MaACL
_jA-1826
999 _c118091
_d118091